| 000 | 00757nam a2200265 i 4500 | ||
|---|---|---|---|
| 001 | 000048665 | ||
| 003 | DO-SdBNP | ||
| 005 | 20231102103445.0 | ||
| 007 | ta | ||
| 008 | 190405s2013 dr 000 0 spa d | ||
| 020 | _a9780989719308 | ||
| 040 |
_aDO-SdBNP _bspa _cBNPHU _erda |
||
| 082 | 4 |
_aRD863.44 _bS642p _222 |
|
| 100 | 1 |
_aSmith, Edgar _d1973- _976084 |
|
| 245 | 1 | 3 |
_aEl palabrador : _bcuentos / _cEdgar Smith. |
| 264 |
_aSanto Domingo _b[s.n.], _c2013. |
||
| 300 |
_a141 páginas ; _c23 cm. |
||
| 336 |
_2rdacontent _atexto _btxt |
||
| 337 |
_2rdacarrier _avolumen _bnc |
||
| 590 | _aInventariado, 2019/ YL | ||
| 650 | 4 | _aCuentos dominicanos | |
| 650 | 4 | _aLiteratura dominicana | |
| 910 | _aValidado. Control de calidad MFF | ||
| 942 |
_2ddc _cLBS1 |
||
| 999 |
_c48153 _d48153 |
||